000 00504nam a2200229Ia 4500
008 210210b1879 xxu||||| |||| 00| 0 eng d
041 _aeng
082 _a270/8
100 _aB N
245 _aJesuits Vol.2
_bThier foundation and history
260 _aLondon
_bBurns & oates,
_c1879
300 _axii,351
440 _a2
650 _aVol.2
650 _aThier
650 _aJesuits
650 _ahistory
650 _afoundation
650 _aand
690 _aJesuits
906 _a001434
999 _c116548
_d116548